Súpis prác doc. Elly Sekaninovej za roky 1986-1995

Bibliographic Details
Other Authors: Dvonč, Ladislav, 1926-2003 (Compiler)
Format: Article
Language:Slovak
Subjects:

MARC

LEADER 00000nab a2200000 a 4500
001 vtls000652791
003 SK-MaSNL
005 20260304090407.0
008 250425c1997 xo ||||||b | 0b slo
015 |a SNBRA1998/02-05094 
035 |a CLN000004985 
035 |a urn:nbn:sk:snk-ab2htc 
035 |a (urnnbn)urn:nbn:sk:snk:ar-a02fvy 
035 |a (uuid)c274ef5b-7b92-4419-a335-a338842ac601 
040 |a SNKBUCL  |b slo  |c SNKBUCL  |e AACR2 
041 0 |a slo 
044 |a xo  |c SK 
080 |a 801-051(016)  |2 1997 
080 |a 808.54-051(016)  |2 1997 
080 |a 808.2-051(016)  |2 1997 
080 |a 016:80  |2 1997 
245 0 0 |a Súpis prác doc. Elly Sekaninovej za roky 1986-1995  |c zostavil Ladislav Dvonč 
505 0 |a Obsahuje doplnky k bibliografii za roky 1976-1985 
600 1 7 |a Sekaninová, Ella,  |d 1926-2007  |2 snkbucl  |9 106780 
648 7 |a 1986-1995  |2 snkbucl  |9 748132 
650 0 7 |a jazykovedné práce  |2 snkbucl  |9 465212 
655 7 |a bibliografie  |2 snkbucl  |9 28668 
700 1 |a Dvonč, Ladislav,  |d 1926-2003  |4 com  |9 101854 
773 0 |t Slavica slovaca  |g Roč. 32, č. 1 (1997), s. 61-64 
850 |a Slovenská národná knižnica 
852 |a Slovenská národná knižnica 
954 |a odborná, vedecká literatúra pôvodná (slovenská)  |2 lita 
958 |a article27 
958 |a SF 
958 |a OND 
958 |a EUIPO 
999 |c 2811327  |d 2813257